[Event "CRO-chT3B Center North"]
[Site "Croatia"]
[Date "2014.04.13"]
[Round "2.5"]
[White "Zeleznjak, Tihomir"]
[Black "Resman, Branko"]
[Result "1-0"]
[WhiteElo "2122"]
[BlackElo "1985"]
[PlyCount "57"]
[EventDate "2014.04.06"]
[EventType "team-tourn"]
[EventRounds "9"]
[EventCountry "CRO"]
[SourceTitle "EXT 2019"]
[Source "ChessBase"]
[SourceDate "2018.10.10"]
[SourceVersion "1"]
[SourceVersionDate "2018.10.10"]
[SourceQuality "1"]

1. e4 e5 2. Nf3 Nc6 3. Bb5 Bc5 4. 0-0 Nf6 5. d3 0-0 6. Bg5 Nd4 7. Nxd4 Bxd4 8. c3 Bb6 9. Nd2 c6 10. Ba4 h6 11. Bh4 d5 12. Qe2 Qd6 13. Kh1 Bg4 14. f3 Bd7 15. Bxf6 gxf6 16. exd5 cxd5 17. Bxd7 Qxd7 18. f4 Rae8 19. Qh5 Kg7 20. Rf3 Rh8 21. Qh4 Qe6 22. fxe5 fxe5 23. Raf1 Bd8 24. Qf2 f6 25. Qxa7 Qc6 26. Qf2 Rhg8 27. Qh4 Qe6 28. Rf5 Kh7 29. Rxf6 1-0

[Event "CRO-chT3B Center North"]
[Site "Croatia"]
[Date "2013.10.06"]
[Round "6.4"]
[White "Resman, Branko"]
[Black "Lovrencic, Vladimir"]
[Result "1/2-1/2"]
[WhiteElo "1999"]
[BlackElo "2167"]
[PlyCount "59"]
[EventDate "2013.04.14"]
[EventType "team-tourn"]
[EventRounds "9"]
[EventCountry "CRO"]
[SourceTitle "EXT 2019"]
[Source "ChessBase"]
[SourceDate "2018.10.10"]
[SourceVersion "1"]
[SourceVersionDate "2018.10.10"]
[SourceQuality "1"]

1. e4 d5 2. exd5 Qxd5 3. Nc3 Qa5 4. Bc4 c6 5. Nf3 Nf6 6. 0-0 Bf5 7. d3 e6 8. Re1 Nbd7 9. Bd2 Qc7 10. Ne2 Bd6 11. h3 0-0 12. Nh4 Bg6 13. Nxg6 hxg6 14. Nc3 Rad8 15. Ne4 Nxe4 16. Rxe4 Nf6 17. Re1 b5 18. Bb3 c5 19. Qe2 Bf4 20. Bxf4 Qxf4 21. Qe5 Qd4 22. Qxd4 Rxd4 23. Re5 c4 24. dxc4 bxc4 25. Ba4 Nd5 26. Rae1 Rb8 27. R5e4 Rxe4 28. Rxe4 Rb4 29. Bc6 a5 30. a3 1/2-1/2

[Event "CRO-chT3B Center North"]
[Site "Croatia"]
[Date "2013.04.21"]
[Round "2.5"]
[White "Zalig, Christian"]
[Black "Resman, Branko"]
[Result "1-0"]
[WhiteElo "2025"]
[BlackElo "1999"]
[PlyCount "51"]
[EventDate "2013.04.14"]
[EventType "team-tourn"]
[EventRounds "9"]
[EventCountry "CRO"]
[SourceTitle "EXT 2019"]
[Source "ChessBase"]
[SourceDate "2018.10.10"]
[SourceVersion "1"]
[SourceVersionDate "2018.10.10"]
[SourceQuality "1"]

1. e4 e5 2. Nf3 Nf6 3. Nc3 Bb4 4. d3 d6 5. Be2 h6 6. 0-0 0-0 7. Nb1 Nc6 8. a4 a5 9. c3 Bc5 10. h3 Be6 11. d4 Bb6 12. d5 Nxe4 13. dxc6 bxc6 14. Nbd2 Ng3 15. Re1 Qd7 16. Nf1 Nxe2+ 17. Qxe2 f5 18. Be3 Qf7 19. Bxb6 cxb6 20. b4 g5 21. Red1 g4 22. hxg4 fxg4 23. N3h2 h5 24. Rxd6 Bc4 25. Qe3 Bd5 26. Qg5+ 1-0

[Event "Medimurska CupT"]
[Site "Cakovec"]
[Date "2011.03.06"]
[Round "5"]
[White "Resman, Branko"]
[Black "Lovrencic, Vladimir"]
[Result "0-1"]
[WhiteElo "2097"]
[BlackElo "2161"]
[PlyCount "66"]
[EventDate "2011.02.06"]
[EventType "team-swiss"]
[EventRounds "5"]
[EventCountry "CRO"]
[SourceTitle "EXT 2012"]
[Source "ChessBase"]
[SourceDate "2011.11.24"]
[SourceVersion "1"]
[SourceVersionDate "2011.11.24"]
[SourceQuality "1"]

1. e4 e6 2. d4 d5 3. Nd2 c5 4. exd5 Qxd5 5. Ngf3 cxd4 6. Bc4 Qc5 7. Qe2 Nc6 8. Nb3 Qb6 9. Bf4 Bb4+ 10. Bd2 Nf6 11. 0-0-0 Bxd2+ 12. Rxd2 0-0 13. Nbxd4 Nxd4 14. Nxd4 Bd7 15. g4 Bc6 16. Nxc6 Qxc6 17. Rg1 Rfd8 18. Bd3 Rac8 19. h4 Qa4 20. Kb1 Nd5 21. Rgd1 g6 22. Qe4 Qa5 23. Bc4 Nf6 24. Rxd8+ Rxd8 25. Rxd8+ Qxd8 26. Qf3 Qd4 27. Be2 Nd5 28. h5 Kg7 29. hxg6 hxg6 30. c4 Nf4 31. Bf1 Qd2 32. g5 e5 33. Bg2 Nd3 0-1

[Event "Medimurska CupT"]
[Site "Cakovec"]
[Date "2011.02.06"]
[Round "1"]
[White "Resman, Branko"]
[Black "Resman, Boris"]
[Result "0-1"]
[WhiteElo "2097"]
[BlackElo "1804"]
[PlyCount "105"]
[EventDate "2011.02.06"]
[EventType "team-swiss"]
[EventRounds "5"]
[EventCountry "CRO"]
[SourceTitle "EXT 2012"]
[Source "ChessBase"]
[SourceDate "2011.11.24"]
[SourceVersion "1"]
[SourceVersionDate "2011.11.24"]
[SourceQuality "1"]

1. e4 e5 2. Nf3 Nc6 3. Bc4 Bc5 4. d3 d6 5. h3 Nf6 6. Nc3 h6 7. Na4 Bb6 8. 0-0 Na5 9. Bb3 Nxb3 10. axb3 c5 11. Be3 Bc7 12. Nh2 0-0 13. f4 b6 14. Qf3 Kh7 15. f5 d5 16. exd5 Qxd5 17. g4 Bb7 18. Nc3 Qxf3 19. Nxf3 Nd5 20. Bd2 Nxc3 21. Bxc3 f6 22. Rae1 Rfe8 23. Nd2 Kg8 24. Ne4 a5 25. Kf2 Red8 26. Bd2 a4 27. bxa4 Rxa4 28. Ra1 Rxa1 29. Rxa1 Bxe4 30. Be3 Bc6 31. b4 cxb4 32. Rb1 e4 33. Rxb4 exd3 34. cxd3 Rxd3 35. Rc4 Bg3+ 36. Ke2 Rd6 37. Rb4 b5 38. Rb2 Be5 39. Rc2 Bd7 40. Bd2 h5 41. Rc1 hxg4 42. hxg4 Rc6 43. Rd1 Kf7 44. Rf1 Bc3 45. Be3 b4 46. Rd1 Rc7 47. Kd3 Bb5+ 48. Ke4 Be2 49. Rg1 Rc4+ 50. Kd5 Rxg4 51. Rc1 Bd3 52. Bc5 Bxf5 53. Kc6 0-1

[Event "CRO-chT2 Center"]
[Site "Zagreb"]
[Date "2010.10.10"]
[Round "8.36"]
[White "Resman, Branko"]
[Black "Bozinovic, Bogdan"]
[Result "0-1"]
[WhiteElo "2133"]
[BlackElo "2251"]
[PlyCount "88"]
[EventDate "2010.03.21"]
[EventType "team-tourn"]
[EventRounds "11"]
[EventCountry "CRO"]
[SourceTitle "EXT 2012"]
[Source "ChessBase"]
[SourceDate "2011.11.24"]
[SourceVersion "1"]
[SourceVersionDate "2011.11.24"]
[SourceQuality "1"]

1. e4 c5 2. Nf3 d6 3. Nc3 a6 4. a4 e6 5. Bc4 Nf6 6. d3 Nc6 7. 0-0 Be7 8. h3 0-0 9. Re1 Qc7 10. Bf4 Ne5 11. Bxe5 dxe5 12. a5 Bd7 13. Qd2 Rad8 14. Qe3 h6 15. g3 Bc8 16. Kg2 Nd7 17. h4 Nb8 18. Qd2 Nc6 19. Ne2 Rde8 20. Nh2 Bd8 21. f3 Nxa5 22. Ba2 Nc6 23. c3 Kh7 24. Kh3 f5 25. Rg1 Qe7 26. Qe1 g5 27. hxg5 hxg5 28. Kg2 Kg6 29. Nf1 Rh8 30. Ne3 Qh7 31. Rh1 Qxh1+ 32. Qxh1 Rxh1 33. Rxh1 b5 34. g4 f4 35. Nd1 Bb6 36. Nf2 Rd8 37. Rh5 c4 38. dxc4 Rd2 39. Kf1 Rxb2 40. cxb5 axb5 41. Rh8 Nd8 42. Nd3 Rxa2 43. Nxe5+ Kg7 44. Re8 b4 0-1

[Event "CRO-chT2 Center"]
[Site "Zagreb"]
[Date "2010.04.11"]
[Round "6.25"]
[White "Jelecevic, Ivo"]
[Black "Resman, Branko"]
[Result "1-0"]
[WhiteElo "2180"]
[BlackElo "2133"]
[PlyCount "87"]
[EventDate "2010.03.21"]
[EventType "team-tourn"]
[EventRounds "11"]
[EventCountry "CRO"]
[SourceTitle "EXT 2012"]
[Source "ChessBase"]
[SourceDate "2011.11.24"]
[SourceVersion "1"]
[SourceVersionDate "2011.11.24"]
[SourceQuality "1"]

1. e4 e5 2. Nf3 Nf6 3. Nxe5 d6 4. Nf3 Nxe4 5. Nc3 Nxc3 6. dxc3 Be7 7. Bf4 Bg4 8. h3 Bh5 9. Be2 Nd7 10. Qd2 0-0 11. 0-0-0 Nc5 12. Be3 a5 13. g4 Bg6 14. Nd4 Bh4 15. Nf5 Bxf5 16. gxf5 Qe7 17. Bf3 Ne4 18. Qd4 Rfe8 19. Rhg1 Bf6 20. Qd3 Rab8 21. Rg4 Ng5 22. Bg2 h5 23. Rh4 b5 24. Rxh5 b4 25. c4 Ne4 26. Rg1 Ng3 27. fxg3 Qxe3+ 28. Qxe3 Rxe3 29. Bd5 Rbe8 30. g4 Re1+ 31. Rxe1 Rxe1+ 32. Kd2 Rg1 33. b3 c6 34. Bxc6 Be5 35. Be4 Rg3 36. Ke2 Bd4 37. Bf3 Rg1 38. f6 Be5 39. fxg7 Kxg7 40. c5 f6 41. c6 Rc1 42. Be4 d5 43. Rxe5 dxe4 44. Rc5 1-0

[Event "CRO-chT2b"]
[Site "Croatia"]
[Date "2009.10.25"]
[Round "9"]
[White "Vodopija, Goran"]
[Black "Resman, Branko"]
[Result "1-0"]
[WhiteElo "2155"]
[BlackElo "2140"]
[PlyCount "117"]
[EventDate "2009.03.01"]
[EventType "team-tourn"]
[EventRounds "11"]
[EventCountry "CRO"]
[SourceTitle "EXT 2011"]
[Source "ChessBase"]
[SourceDate "2010.11.26"]
[SourceVersion "1"]
[SourceVersionDate "2010.11.26"]
[SourceQuality "1"]

1. e4 e5 2. Nf3 Nf6 3. Nxe5 d6 4. Nf3 Nxe4 5. Nc3 Nxc3 6. dxc3 Be7 7. Be3 Nc6 8. Qd2 Be6 9. Nd4 Nxd4 10. cxd4 d5 11. Bd3 Qd7 12. h3 Bf5 13. Be2 h5 14. 0-0-0 Qa4 15. Kb1 Bb4 16. Qc1 0-0-0 17. Bd3 Be6 18. c3 Bd6 19. Bf4 g6 20. Rhe1 Qd7 21. Be5 Rhe8 22. Qf4 Bxe5 23. Rxe5 f5 24. Rde1 Bf7 25. h4 Rxe5 26. Rxe5 Re8 27. Kc1 Rxe5 28. Qxe5 Qe6 29. f4 Qxe5 30. fxe5 Kd7 31. Kd2 Ke7 32. Ke3 Kf8 33. Kf4 Kg7 34. Kg5 Be6 35. b3 a5 36. c4 c6 37. c5 Bd7 38. a3 Be6 39. b4 axb4 40. axb4 Bd7 41. Be2 Kf7 42. Bd1 Kg7 43. Bb3 Be6 44. Bd1 Bc8 45. g3 Be6 46. Be2 Bd7 47. Bxh5 gxh5 48. Kxh5 Be8+ 49. Kg5 Bg6 50. e6 Bh7 51. h5 Kf8 52. Kf6 Ke8 53. e7 Bg8 54. Kg7 Be6 55. h6 f4 56. h7 fxg3 57. h8Q+ Kxe7 58. Qf8+ Kd7 59. Qd6+ 1-0